Les 20 villes les plus peuplées de l'Aisne (02) - Statistiques

Statistiques générales
  • Ce quiz a été pris 38 fois
  • Le résultat moyen est 8 sur 20
Statistiques - réponses
HINT HINT ANSWER % Correct
52 995 S Saint-Quentin
100%
24 066 L Laon
97%
28 667 S Soissons
94%
15 068 C Château-Thierry
88%
11 456 C Chauny
67%
13 261 T Tergnier
64%
8 565 H Hirson
58%
10 376 V Villers-Cotterêts
52%
4 510 G Guise
36%
5 197 G Gauchy
33%
5 724 B Bohain-en-Vermandois
27%
2 860 L La Fère
24%
2 881 F Fère-en-Tardenois
21%
2 698 E Essômes-sur-Marne
15%
3 041 C Crouy
12%
3 222 S Saint-Michel
12%
3 624 B Belleu
9%
2 625 B Beautor
6%
2 915 F Fresnoy-le-Grand
6%
2 788 V Villeneuve-sur-Aisne
6%
Aucun quiz correspondant
Distribution des résultats
% des personnes avec chaque résultat
Percentile par nombre de réponses
Votre historique - résultats
Vous n’avez pas pris ce quiz